Budúcnosť Slovenských aerolínií je aj v rukách AUA nejasná
Rakúska spoločnosť Austrian Airlines Group (AUA) uzatvára slovenský projekt národného leteckého prepravcu. Firma získala väčšinový podiel v Slovenských aerolíniách (SA). Ide o "tichý predaj". Rakúšania už dávnejšie javili záujem o účasť v SA. Machinácie okolo SA. Pred krachom zachránila SA rakúska s...
Na minha lista:
| Autor principal: | |
|---|---|
| Outros Autores: | |
| Formato: | Capítulo de Livro |
| Idioma: | eslovaco |
| Assuntos: | |
| Tags: |
Sem tags, seja o primeiro a adicionar uma tag!
|
MARC
| LEADER | 00000naa$a2200000$$$4500 | ||
|---|---|---|---|
| 001 | 0024772 | ||
| 005 | 20231009081100.8 | ||
| 041 | 0 | |a slo | |
| 044 | |a SK | ||
| 245 | 1 | 0 | |a Budúcnosť Slovenských aerolínií je aj v rukách AUA nejasná |c Gabriel Beer, Kristian Slovák |
| 520 | |a Rakúska spoločnosť Austrian Airlines Group (AUA) uzatvára slovenský projekt národného leteckého prepravcu. Firma získala väčšinový podiel v Slovenských aerolíniách (SA). Ide o "tichý predaj". Rakúšania už dávnejšie javili záujem o účasť v SA. Machinácie okolo SA. Pred krachom zachránila SA rakúska spoločnosť AUA. | ||
| 610 | 2 | 0 | |a doprava letecká |
| 610 | 2 | 0 | |a bankrot |
| 610 | 2 | 0 | |a predaj |
| 610 | 2 | 0 | |a investície zo zahraničia |
| 610 | 2 | 0 | |a Slovensko |
| 610 | 2 | 0 | |a Rakúsko |
| 610 | 2 | 0 | |a Slovenské aerolínie |
| 100 | 1 | |a Beer, Gabriel | |
| 700 | 1 | |a Slovák, Kristian | |